La escuela secundaria : ¿modelo en (re)construcción? /
Guardado en:
| Autor Principal: | |
|---|---|
| Otros Autores: | , , , |
| Formato: | Libro |
| Publicado: |
Buenos Aires :
Aique,
2013
|
| Series: | Política y educación / Roxana Perazza
|
| Materias: | |
| Etiquetas: |
Agregar Etiqueta
Sin Etiquetas, Sea el primero en etiquetar este registro!
|
| LEADER | 00866nam a22002535a 4500 | ||
|---|---|---|---|
| 001 | CEM.cems014450 | ||
| 005 | 20140805114440.0 | ||
| 008 | 130507s2013##################000#0#####d | ||
| 003 | CEMS | ||
| 020 | |a 9789870605546 | ||
| 082 | 0 | 4 | |a 373 |
| 100 | 1 | |a Pini, Mónica | |
| 245 | 1 | 0 | |a La escuela secundaria : |b ¿modelo en (re)construcción? / |c Mónica Pini y Otros |
| 260 | |a Buenos Aires : |b Aique, |c 2013 | ||
| 300 | |a 256 p. | ||
| 490 | 0 | |a Política y educación / Roxana Perazza | |
| 505 | 0 | |a Parte I: Definiciones y políticas -- Parte II: Instituciones y modelos de debate -- Parte III: Sujetos en situación.- | |
| 653 | |a Educación | ||
| 653 | |a Educación secundaria | ||
| 700 | 1 | |a Más Rocha, Stella Maris | |
| 700 | 1 | |a Gorostiaga, Jorge | |
| 700 | 1 | |a Tello, César | |
| 700 | 1 | |a Asprella, Gabriel | |
| 859 | |a CEMS |b BIB. CEMS - 11 de abril |h 373 |i P655 |p 27010.14 |t Ej.1 | ||
